[Event "Rohde op 12th"]
[Site "Sautron"]
[Date "2012.10.30"]
[Round "5"]
[White "Sergeev, Vladimir"]
[Black "Videnova, Iva"]
[Result "1/2-1/2"]
[WhiteElo "2475"]
[BlackElo "2318"]
[Annotator "RR"]
[PlyCount "241"]
[EventDate "2012.10.27"]
[EventType "swiss"]
[EventRounds "9"]
[EventCountry "FRA"]
[SourceTitle "EXT 2014"]
[Source "ChessBase"]
[SourceDate "2013.11.20"]
[SourceVersion "1"]
[SourceVersionDate "2013.11.20"]
[SourceQuality "1"]
[TimeControl "40/5400+30:1800+30"]
[WhiteClock "1:30:00"]
[BlackClock "1:30:00"]

1. b3 {[%emt 0:00:00]} e5 {[%emt 0:00:00]} 2. Bb2 {[%emt 0:00:00]} Nc6 {
[%emt 0:00:10][%csl Rb2]} (2... f6 $5) 3. c4 {[%emt 0:00:00]} (3. e3 $142 {
[%cal Gf1b5]} Nf6 4. Bb5 $1 Bd6 (4... d6) 5. Na3 {[%cal Ga3c4]} Na5 $5 6. Nc4
Nxc4 7. Bxc4) 3... g6 {[%emt 0:02:04]} 4. e3 {[%emt 0:00:15]} Bg7 {[%emt 0:00:
52]} 5. Nf3 {[%emt 0:02:23]} d6 {[%emt 0:00:53]} 6. Be2 {[%emt 0:00:59]} (6. d4
e4 7. Nfd2) 6... f5 {[%emt 0:00:36]} 7. d4 {[%emt 0:00:46]} e4 {[%emt 0:02:48]
Retombe sur une française fermée avec couleurs inversées} 8. Nfd2 {[%emt 0:02:
19]} Nf6 {[%emt 0:00:12]} 9. Nc3 {[%emt 0:00:39]} O-O {[%emt 0:03:51]} 10. a3 {
[%emt 0:00:19][%cal Gb3b4,Gb4b5]} (10. O-O) 10... Qe7 $146 {[%emt 0:08:15]} (
10... a5 11. Qc2 {Zegarac,B (2302)-Popovic,D (2435) Subotica TS03 IM 2003 (3)
0-1}) 11. g3 {[%emt 0:08:07][%csl Rf3,Rg2]} (11. Qc2 $5 {[%csl Rc7,Re7][%cal
Gc3d5]}) 11... b6 {[%emt 0:01:53]} (11... a5 12. O-O) 12. b4 {[%emt 0:05:52]}
Bb7 {[%emt 0:00:08]} 13. Nb3 {[%emt 0:00:40]} Nd8 {[%emt 0:15:37]} 14. d5 $1 {
[%emt 0:05:01][%csl Rb7] Les Noirs ne peuvent plus jouer Ne5} c6 {[%emt 0:06:
05]} 15. dxc6 {[%emt 0:01:48]} Nxc6 {[%emt 0:00:29]} 16. Nb5 {[%emt 0:02:27]} (
16. Nd4 {[%cal Gd4b5]} Ne5) 16... Rfd8 {[%emt 0:01:15]} 17. N5d4 {[%emt 0:05:
14]} Ne5 $132 {[%emt 0:05:05][%csl Rc4,Gd3,Rf3]} 18. O-O {[%emt 0:00:11]} Nfg4
{[%emt 0:04:51][%csl Rh2][%cal Ge7g5,Gg5h5]} (18... Nfd7 $5 {[%cal Gg7b2,Ge5f3]
}) 19. h3 {[%emt 0:06:08]} Nh6 {[%emt 0:06:00]} 20. Rc1 {[%emt 0:00:43]} Nhf7 {
[%emt 0:00:32]} 21. c5 $6 {[%emt 0:02:15][%cal Gd8d1]} dxc5 {[%emt 0:00:25]}
22. bxc5 {[%emt 0:00:07]} Ng5 $36 {[%emt 0:00:48]} (22... Bd5 23. cxb6 axb6 $15
{[%csl Ra3]}) 23. c6 {[%emt 0:03:09]} Bc8 {[%emt 0:13:21]} 24. h4 {[%emt 0:10:
28]} Ngf3+ {[%emt 0:00:13]} 25. Kg2 {[%emt 0:00:06]} Bf6 {[%emt 0:08:51]} (
25... g5 $143 {[%csl Rf5]} 26. hxg5 Qxg5) 26. Qc2 {[%emt 0:11:59]} Bxh4 $5 {
[%emt 0:02:47]} 27. Bxf3 {[%emt 0:03:36]} (27. c7) 27... exf3+ {[%emt 0:00:33]}
28. Nxf3 {[%emt 0:00:47]} Nxf3 {[%emt 0:04:03]} 29. Kxf3 {[%emt 0:00:14]} Ba6 {
[%emt 0:01:50]} 30. Rfd1 {[%emt 0:01:01]} (30. gxh4 Qxh4 31. Kg2 Bxf1+ (31...
Bd3)) 30... Bf6 {[%emt 0:00:18]} 31. Bxf6 {[%emt 0:02:04]} Qxf6 {[%emt 0:00:04]
} 32. Nd4 $16 {[%emt 0:03:41][%csl Gc6][%cal Gf3g2]} Qe5 {[%emt 0:01:25]} 33.
Qb3+ {[%emt 0:02:31]} (33. Kg2) 33... Qd5+ {[%emt 0:02:42]} 34. Qxd5+ {[%emt 0:
00:33]} Rxd5 {[%emt 0:00:05]} 35. a4 {[%emt 0:06:28]} (35. Ne6 {[%csl Gc6]
[%cal Gc6c8]} Rxd1 36. Rxd1 Rc8 37. Rd6 (37. c7 Kf7 38. Ng5+) 37... Bc4 38. Nd4
) 35... Rc8 {[%emt 0:00:57]} 36. Rc3 {[%emt 0:06:11]} Kf7 {[%emt 0:01:54]} 37.
Rh1 {[%emt 0:00:29]} h5 {[%emt 0:00:33]} 38. Rb1 {[%emt 0:01:18]} Rc5 $1 {
[%emt 0:02:59]} 39. Rxc5 {[%emt 0:01:13]} (39. Rbc1) 39... bxc5 {[%emt 0:00:06]
} 40. Rb7+ $1 {[%emt 0:00:00]} Kf6 {[%emt 0:00:00]} 41. Rxa7 {[%emt 0:00:54]}
Bd3 {[%emt 0:01:18]} (41... cxd4 42. Rxa6 d3 43. c7+ Ke5 (43... Ke7 44. Rxg6)
44. Rc6 g5 $132) 42. Nb5 {[%emt 0:01:43]} Rxc6 {[%emt 0:04:28]} 43. Nc3 {
[%emt 0:00:05]} Ke5 {[%emt 0:01:22]} (43... g5) 44. Kg2 {[%emt 0:04:01]} Rb6 {
[%emt 0:01:52]} 45. Re7+ {[%emt 0:05:52]} (45. a5 Rb3) 45... Kd6 {[%emt 0:01:
41]} 46. Rg7 {[%emt 0:00:15]} Rb3 $1 {[%emt 0:01:31][%csl Rc3]} 47. Rxg6+ {
[%emt 0:00:20]} Kd7 {[%emt 0:00:23]} 48. Nb5 $8 {[%emt 0:05:11]} (48. Nd1 $2
Bc2 {[%csl Rd1]}) 48... Bxb5 {[%emt 0:00:09]} 49. axb5 {[%emt 0:00:04]} Rxb5 {
[%emt 0:00:09][%csl Gc5] La structure de P est un peu meilleure pour les
Blancs mais les pièces Blanches sont mal placées ^pour lutter contre le P passé
} 50. Rg5 {[%emt 0:01:28]} c4 $36 {[%emt 0:00:46][%cal Gb5c5]} 51. Rxh5 {
[%emt 0:00:06]} c3 {[%emt 0:01:23]} 52. Rh1 {[%emt 0:00:02]} Kd6 {[%emt 0:00:
33]} 53. Rc1 {[%emt 0:04:04]} Rc5 {[%emt 0:00:07]} 54. Rd1+ {[%emt 0:07:46]}
Kc6 {[%emt 0:04:45]} 55. Kf3 {[%emt 0:02:57]} Kb5 {[%emt 0:00:11]} 56. e4 $1 {
[%emt 0:01:29][%csl Gg3][%cal Gg3g8]} c2 {[%emt 0:02:23]} 57. Rc1 {[%emt 0:00:
01]} Kb4 {[%emt 0:00:14][%csl Rc1][%cal Gb4b3,Gb3b2] La Rc1 est condamnée mais
le K Noir sera trés loin de la majorité adverse} 58. exf5 {[%emt 0:00:35]}
Rxf5+ {[%emt 0:00:09]} 59. Ke3 {[%emt 0:00:04]} Kc3 {[%emt 0:00:37]} 60. f4 {
[%emt 0:00:04][%cal Gg3g4]} Rf8 {[%emt 0:00:52]} 61. g4 {[%emt 0:00:16]} Re8+ {
[%emt 0:00:06]} 62. Kf3 {[%emt 0:00:01]} Kd2 {[%emt 0:00:19]} 63. Rxc2+ {
[%emt 0:01:13]} Kxc2 {[%emt 0:00:07]} 64. f5 $6 {[%emt 0:00:35][%csl Rc2] Il
ne restait plus qu'une dizaine de minutes au GMI en phase KO mais jouer f5
quasiment а tempo sans analyser g5 est assez étonnant} (64. g5 $142 {Le K Noir
est trop éloigné de l'aile-roi pour garder des chances de gain} Kd3 65. g6 $1
Kd4 66. Kg4 Kd5 67. Kf5 {[%csl Ge6][%cal Gg6g7]}) 64... Kd3 {[%emt 0:00:19]}
65. f6 {[%emt 0:00:28]} Kd4 {[%emt 0:00:26]} 66. Kf4 {[%emt 0:00:02]} Re1 {
[%emt 0:00:42]} 67. Kf5 {[%emt 0:01:31]} Kd5 {[%emt 0:00:41]} 68. g5 {[%emt 0:
00:23]} Rf1+ $2 {[%emt 0:00:16] Il restait pourtant 20 mns а la bulgare dans
cette position.} (68... Rg1 $142 69. f7 Rf1+ 70. Kg6 Ke6 $19) 69. Kg6 {[%emt 0:
00:01]} Ke6 $1 {[%emt 0:00:10] La progression du P "f" est stoppée mais en
ceontrepartie, il n'est pas facile d'améliorer la position des Noirs} 70. Kg7
$8 {[%emt 0:00:04]} Rf2 {[%emt 0:00:16]} 71. g6 $1 {[%emt 0:03:15]} Rxf6 {
[%emt 0:00:15]} 72. Kh7 {[%emt 0:00:06]} Rf1 {[%emt 0:00:26]} 73. g7 {[%emt 0:
00:03]} Rh1+ {[%emt 0:05:43]} 74. Kg8 {[%emt 0:00:07]} Kf6 {[%emt 0:03:01]} 75.
Kf8 {[%emt 0:00:05]} Ra1 {[%emt 0:00:37]} 76. g8=N+ $8 {[%emt 0:00:02]} Ke6 {
[%emt 0:00:17]} 77. Kg7 $1 $11 {[%emt 0:00:05] Les rares cas de gain dans ce
genre de finale interviennent lorsque le K est а la bande ou dans le coin.}
Rg1+ {[%emt 0:00:55]} 78. Kf8 {[%emt 0:00:05]} Rg6 {[%emt 0:00:41]} 79. Ne7 {
[%emt 0:00:04]} Rf6+ {[%emt 0:00:15]} 80. Ke8 {[%emt 0:00:02]} Rf7 {[%emt 0:01:
50]} 81. Ng6 {[%emt 0:00:42]} Ra7 {[%emt 0:02:45]} 82. Nf8+ {[%emt 0:00:06]}
Kd6 {[%emt 0:00:08]} 83. Ng6 {[%emt 0:00:10]} Rg7 {[%emt 0:00:21]} 84. Nf8 {
[%emt 0:00:11]} Re7+ {[%emt 0:00:46]} 85. Kd8 {[%emt 0:00:01]} Re1 {[%emt 0:00:
33]} 86. Nd7 {[%emt 0:01:22]} Ra1 {[%emt 0:01:42]} 87. Nb8 {[%emt 0:00:13]} Rh1
{[%emt 0:00:28]} 88. Kc8 {[%emt 0:00:07]} Rh7 {[%emt 0:00:54]} 89. Na6 {
[%emt 0:00:10]} Ra7 {[%emt 0:00:39]} 90. Nb8 {[%emt 0:00:02]} Rh7 {[%emt 0:00:
44]} 91. Na6 {[%emt 0:00:05]} Rh8+ {[%emt 0:00:20]} 92. Kb7 {[%emt 0:00:02]}
Kd5 {[%emt 0:00:33]} 93. Nc7+ {[%emt 0:00:07]} Kc5 {[%emt 0:00:10]} 94. Na6+ {
[%emt 0:00:06]} Kd6 {[%emt 0:00:11]} 95. Nb8 {[%emt 0:00:20]} Rh2 {[%emt 0:00:
25]} 96. Kc8 {[%emt 0:00:12]} Rb2 {[%emt 0:00:50]} 97. Na6 {[%emt 0:00:05]} Rb3
{[%emt 0:00:35]} 98. Nb8 {[%emt 0:00:21]} Rb6 {[%emt 0:00:19]} 99. Nd7 {
[%emt 0:00:35]} Ra6 {[%emt 0:00:48]} 100. Kb7 {[%emt 0:00:19]} Rc6 {[%emt 0:00:
52]} 101. Nb8 {[%emt 0:00:50]} Rc7+ {[%emt 0:00:35]} 102. Kb6 {[%emt 0:00:17]}
Rc2 {[%emt 0:00:16]} 103. Na6 {[%emt 0:00:53]} Rb2+ {[%emt 0:00:13]} 104. Ka5 {
[%emt 0:00:13]} Rb1 {[%emt 0:00:22]} 105. Nb4 {[%emt 0:00:10]} Kc5 {[%emt 0:00:
13]} 106. Na6+ {[%emt 0:00:19]} Kc4 {[%emt 0:00:13]} 107. Nc7 {[%emt 0:00:22]}
Kd4 {[%emt 0:00:40]} 108. Nb5+ {[%emt 0:00:33]} Kc5 {[%emt 0:00:17]} 109. Na3 {
[%emt 0:00:03]} Rb4 {[%emt 0:00:26]} 110. Nc2 {[%emt 0:00:03]} Rh4 {[%emt 0:01:
29]} 111. Na3 {[%emt 0:00:10]} Rg4 {[%emt 0:01:51]} 112. Nb5 {[%emt 0:01:28]}
Rg7 {[%emt 0:01:05]} 113. Ka6 {[%emt 0:00:18]} Rg8 {[%emt 0:00:37]} 114. Na7 {
[%emt 0:00:39]} Rb8 {[%emt 0:00:23]} 115. Ka5 {[%emt 0:00:08]} Rb6 {[%emt 0:00:
46]} 116. Nc8 {[%emt 0:00:07]} Rb7 {[%emt 0:00:34]} 117. Ka6 {[%emt 0:00:05]}
Rb8 {[%emt 0:01:57]} 118. Na7 {[%emt 0:00:08]} Rb6+ {[%emt 0:01:00]} 119. Ka5 {
[%emt 0:00:02]} Rb7 {[%emt 0:01:10]} 120. Ka6 {[%emt 0:00:14]} Rc7 {[%emt 0:00:
08]} 121. Nb5 {[%emt 0:00:07]} 1/2-1/2

[Event "Rohde op 09th"]
[Site "Sautron"]
[Date "2009.10.30"]
[Round "8"]
[White "Meijers, Viesturs"]
[Black "Berbatov, Kiprian"]
[Result "1/2-1/2"]
[WhiteElo "2471"]
[BlackElo "2457"]
[Annotator "RR"]
[PlyCount "99"]
[EventDate "2009.10.24"]
[EventType "swiss"]
[EventRounds "9"]
[EventCountry "FRA"]
[SourceTitle "EXT 2010"]
[Source "ChessBase"]
[SourceDate "2010.11.25"]
[SourceVersion "1"]
[SourceVersionDate "2010.11.25"]
[SourceQuality "1"]
[TimeControl "6000"]

1. b3 e5 2. Bb2 Nc6 3. c4 (3. e3 Nf6 4. Bb5 $14 {[%cal Gb5c6,Gg1f3]}) 3... Nf6
4. e3 d5 5. cxd5 Nxd5 6. a3 Bd6 7. b4 O-O ({RR} 7... Qe7 8. b5 Nd8 9. Nf3 O-O
10. Be2 c6 11. a4 e4 12. Nd4 c5 13. Nc2 Qg5 14. Kf1 f5 15. h4 Qe7 16. d4 exd3
17. Qxd3 Be6 18. Nd2 Nf7 19. Nc4 Bc7 20. g3 Rad8 21. Qa3 Nd6 22. Nxd6 {Meijers,
V (2493)-Eichner,S (2326)/Leipzig 2009/Mega2009 Update 18/1-0 (43)}) 8. b5 (8.
Qc2) (8. d3) (8. Nc3) 8... Nce7 (8... Na5 {[%csl Gc4]}) 9. Nf3 Ng6 (9... Bg4
10. h3 Bxf3 11. Qxf3 f5 12. Bc4 $14 {[%cal Gc4g8]}) 10. h4 $5 {[%csl Rg6][%cal
Gh4h5]} Re8 {[%cal Gg6f8]} (10... e4 $142 {[%cal Gg6e5]} 11. h5 (11. Ng5 Qe7
$36) 11... Ngf4 $5 12. exf4 Bg4 $40) 11. h5 $36 Nf8 12. h6 g5 {[%cal Gf8g6]} (
12... g6) 13. g3 (13. Qb3 Be6 14. Bxe5) 13... Ng6 14. Qc2 Qe7 15. Nc3 Nxc3 16.
Qxc3 {[%csl Gc3][%cal Gc3g7]} b6 {[%csl Rf3][%cal Gc8b7,Gb7f3]} (16... Bg4 $142
$11) 17. Bg2 Bb7 18. O-O g4 19. Nh2 Bxg2 20. Kxg2 Qd7 21. f3 gxf3+ 22. Rxf3 {
[%cal Ga1f1]} Bf8 23. Raf1 $14 {[%csl Rf7]} Re7 24. a4 $1 {[%csl Re7][%cal
Gb2a3,Ga3e7]} Bxh6 25. Ba3 Re6 26. Rxf7 Qd5+ 27. R7f3 (27. Kg1 Nf4 $5 {[%cal
Gg8f7]}) 27... c5 28. bxc6 $2 {réactive la Re6 qui était mal placée} (28. Ng4
$142 {[%cal Gg4h6]}) 28... Rxc6 29. Qb2 Rac8 30. Bb4 (30. Ng4) 30... Rc2 31.
Qb1 a5 32. Ng4 Bg7 33. e4 $6 Qxe4 34. Rc1 {Il doit y avoir un problème de
sauvegarde de la partie avec le plateau DGT} Qxb4 35. Rxc2 Qxb1 36. Rxc8+ Bf8
37. Nh6+ Kg7 38. Nf5+ Kh8 39. Nh4 Nxh4+ 40. gxh4 Qg6+ 41. Kf2 Qd6 42. Rcxf8+
Kg7 43. R8f7+ Kg6 44. d3 h6 45. R7f5 Qd4+ 46. Kg3 Qg1+ 47. Kh3 Qh1+ 48. Kg3
Qe1+ 49. Kh3 Qh1+ 50. Kg3 1/2-1/2

[Event "FIDE World Cup"]
[Site "Baku"]
[Date "2015.09.25"]
[Round "5.6"]
[White "Wei, Yi"]
[Black "Svidler, Peter"]
[Result "0-1"]
[WhiteElo "2734"]
[BlackElo "2727"]
[Annotator "Ramirez Alvarez,A"]
[PlyCount "136"]
[EventDate "2015.09.11"]
[EventType "k.o."]
[EventRounds "7"]
[EventCountry "AZE"]
[SourceTitle "CBM 169"]
[Source "ChessBase"]
[SourceDate "2015.11.10"]
[SourceVersion "1"]
[SourceVersionDate "2015.11.10"]
[SourceQuality "1"]

1. b3 e5 2. Bb2 Nc6 3. e3 Nf6 4. Bb5 Bd6 5. Ne2 O-O 6. O-O Re8 7. Ng3 a6 8. Be2
Bf8 9. c4 d5 10. cxd5 Nxd5 11. Nc3 Be6 12. Rc1 Ndb4 13. d3 Qd7 14. a3 Nd5 15.
Nce4 a5 16. Ng5 Nb6 17. Nxe6 Qxe6 18. Bg4 Qd6 19. Qc2 Nd5 20. Rfd1 Red8 21. Bf3
g6 22. Ne4 Qe6 23. Nc5 Bxc5 24. Qxc5 Ra6 25. Qc4 Rb6 26. g3 Nde7 27. Qxe6 fxe6
28. b4 axb4 29. axb4 Nd5 30. Bc3 Rd7 31. d4 exd4 32. Bxd4 Rxb4 33. Bc5 Ra4 34.
Be2 Ra5 35. e4 Nf6 36. Rxd7 Nxd7 37. Be3 Kf7 38. Rb1 Nd8 39. f4 b6 40. Rd1 Ke7
41. f5 exf5 42. exf5 Nf7 43. Bf4 Nde5 44. Rc1 c6 45. Be3 b5 46. Bc5+ Kf6 47.
fxg6 hxg6 48. Rf1+ Ke6 49. Bd1 Ng5 50. Bb3+ Nc4 51. Kg2 Ra8 52. Bb4 (52. Bc2
Ra2 53. Rf2 Rxc2 $5 54. Rxc2 Kd5 55. Bf2 b4 56. Rc1 $1 {Looks risky but is
holdable.}) 52... Ne4 $1 {The knights are doing an excellent job of
controlling the bishops now.} 53. Re1 Kd5 54. Rd1+ Ke5 55. Re1 Kd4 56. Rd1+ Ke3
57. Rc1 {Black's made real progress, and now Svidler goes in for the kill.} c5
58. Re1+ Kd4 59. Rd1+ Ke5 60. Bxc4 bxc4 61. Be1 Ra3 62. Kf1 Ra2 63. Rc1 Kd4 64.
Rd1+ Ke3 65. Rc1 Kd3 66. Rd1+ Nd2+ {Black is simply too active. The pawn rolls
forward.} 67. Bxd2 Rxd2 68. Ke1 c3 {Black threatens Ke3, Rxh2 and there is
nothing White can do about it.} (68... Rxd1+ 69. Kxd1 Ke3 {is actually also
winning.}) 0-1

[Event "Bundesliga 0607"]
[Site "Germany"]
[Date "2006.11.19"]
[Round "4.5"]
[White "Tischbierek, Raj"]
[Black "Prusikin, Michael"]
[Result "1-0"]
[WhiteElo "2445"]
[BlackElo "2560"]
[Annotator "Reeh,O"]
[PlyCount "67"]
[EventDate "2006.10.28"]
[EventType "team-tourn"]
[EventRounds "15"]
[EventCountry "GER"]
[SourceTitle "CBM 116"]
[Source "ChessBase"]
[SourceDate "2007.02.01"]
[SourceVersion "1"]
[SourceVersionDate "2007.02.01"]
[SourceQuality "1"]
[WhiteTeam "Kreuzberg"]
[BlackTeam "Bindlach"]
[WhiteTeamCountry "GER"]
[BlackTeamCountry "GER"]

1. b3 e5 2. Bb2 Nc6 3. e3 Nf6 4. c4 g6 5. Nf3 d6 6. d4 Bg7 7. dxe5 Nd7 8. Nd4
Ncxe5 9. Nc3 O-O 10. Be2 Nc5 11. O-O Re8 12. b4 Ncd7 13. Rc1 h5 14. h3 Nf8 15.
Qd2 Ne6 16. Nxe6 Bxe6 17. Nd5 c6 18. Nf4 Qe7 (18... Bf5 $5 {deserved attention
with the idea of a black queen sortie to h4 or g5. kam in Betracht mit der
Idee, die schwarze Dame nach h4 oder g5 zu fahren.}) 19. Nxe6 Qxe6 20. Rfd1 {
Now White has a clear plus. Nun hat Weiß ein klares Plus.} Rad8 21. Bd4 d5 22.
cxd5 cxd5 ({Also after Auch nach} 22... Qxd5 {the pin ist die Fesselung.} 23.
Qb2 {very unpleasant. sehr unangenehm.}) 23. Qb2 a6 24. b5 (24. f4 $2 {would
be premature because of wäre verfrüht wegen} Nc4 25. Bxc4 Bxd4) 24... Rc8 25.
Bf1 Red8 26. Re1 g5 27. f4 $6 ({White should content himself with the clear
plus pawn after Weiß sollte sich begnügen mit dem klaren Mehrbauern nach} 27.
Rxc8 Rxc8 28. bxa6 bxa6 29. Bxa6 Qxa6 30. Bxe5) 27... Rxc1 $2 {Weakening his
own back rank. Schwächt die eigene Grundreihe.} ({Possible was Möglich war} 
27... gxf4 28. exf4 Nc4 $1 29. Qf2 (29. Bxc4 $6 Bxd4+ 30. Qxd4 Rxc4) 29... Bxd4
30. Qxd4 Qg6 {with even chances. mit gleichen Chancen.}) 28. Rxc1 gxf4 29. exf4
Nc4 30. Bxc4 Bxd4+ 31. Qxd4 {Now Black can't take because of the hanging rook
d8. Nun kann Schwarz nicht schlagen wegen des hängenden Turmes auf d8.} Rc8 {
Unpinning Black's d-pawn and pinning the white the bishop. Entfesselt den
schwarzen d-Bauern und fesselt gleichzeitig den weißen Läufer.} 32. f5 $5 {
Setting a trap. Stellt eine Falle.} ({Objectively stronger was Objektiv
stärker war} 32. bxa6 bxa6 33. Rc3 Qe1+ (33... Rxc4 34. Rg3+ Kf8 35. Qh8+ Ke7
36. Qxh5 Rxf4 37. Qg5+ Qf6 38. Qxd5 Qd4+ 39. Qxd4 Rxd4 $16) 34. Kh2 Rxc4 35.
Rxc4 (35. Rg3+ $2 Qxg3+) 35... dxc4 36. Qxc4 {with a distinct plus for White.
mit deutlichem Plus für Weiß.}) {[%tqu "En","What would you play with Black
here?","Watch out for hanging pieces and possible ways of unpinning.","",
"e6f5","This loses on the spot since White can unpin his bishop on c4 with
tempo.",0,"e6h6","You are a very good defender!  This is the only move which
enables Black to play on. Since the rook on c1 is attacked, he wins back the
piece on c4.",10,"De","Was würden Sie hier mit Schwarz spielen?","Achten Sie
auf hängende Figuren und mögliche Entfesselungen.","","e6f5","This loses on
the spot since White can unpin his bishop on c4 with tempo.",0,"e6h6","Sie
sind ein sehr guter Verteidiger!  Dies ist der einzige Zug, nach dem Schwarz
weiterspielen kann. Da der Turm auf c1 hängt, gewinnt er die Figur auf c4
zurück.",10]} 32... Qxf5 $4 {And Black falls for it. Und Schwarz fällt darauf
herein.} ({Following Nach} 32... Qh6 $1 {(eyeing c1) (schielt nach c1)} 33. Rc3
dxc4 {Black could have kept on fighting. konnte Schwarz durchaus noch kämpfen.}
) 33. Rf1 $1 Rxc4 {[%tqu "En","Both queens are attacked. What should White
play?","A geometrical motif enables White to win material.","","d4c4","Of
course!",10,"De","Beide Damen sind angegriffen. Was soll Weiß spielen?","Ein
geometrisches Motiv verhilft Weiß zu Materialgewinn.","","d4c4","Natürlich!",
10]} 34. Qxc4 $1 {and Black resigned. He probably overlooked that after 34...
Qxf1+ also the white queen can take back. Diagonal retreats belong to the most
often overlooked moves in chess. und Schwarz gab auf. Er hatte vermutlich
übersehen, dass nach 34...Qxf1+ auch die weiße Dame zurückschlagen kann.
Diagonalrückzüge gehören zu den am häufigsten übersehenen Zügen im Schach.} 1-0

[Event "FIDE World Cup"]
[Site "Tbilisi"]
[Date "2017.09.08"]
[Round "2.5"]
[White "Jobava, Baadur"]
[Black "Yu, Yangyi"]
[Result "1-0"]
[WhiteElo "2687"]
[BlackElo "2744"]
[Annotator "Sagar Shah"]
[PlyCount "83"]
[EventDate "2017.09.03"]
[EventType "k.o."]
[EventRounds "7"]
[EventCountry "GEO"]
[SourceTitle "CBM 181"]
[Source "ChessBase"]
[SourceDate "2017.11.10"]
[SourceVersion "1"]
[SourceVersionDate "2017.11.10"]
[SourceQuality "1"]

1. b3 d5 2. Bb2 Nf6 3. e3 g6 4. c4 dxc4 5. Bxc4 Bg7 6. Nf3 O-O 7. O-O c5 8. Be2
b6 9. d3 Bb7 10. Nbd2 Nc6 11. a3 Nd5 12. Bxg7 Kxg7 13. Qc2 Qd7 14. Qb2+ f6 15.
Rfd1 Rfd8 16. Rac1 Rac8 17. h3 e5 18. Ne4 Qe7 19. Re1 Rd7 20. Bf1 Qd8 21. Rcd1
Nde7 22. b4 cxb4 23. axb4 Nf5 24. Rc1 Qe7 25. b5 Na5 26. Rxc8 Bxc8 27. d4 Bb7
28. Nxf6 $1 {A brilliant knight sacrifice.} Kxf6 (28... Qxf6 29. dxe5 $18) 29.
dxe5+ Kf7 30. e6+ $1 Kxe6 (30... Qxe6 31. Ng5+ $18) 31. e4 Ng7 (31... Nd6 32.
Qa2+ Kf6 33. e5+ $18) 32. Qa2+ Kd6 33. Rc1 $1 {A great move by Baadur. The
king is cut off from running away.} Bxe4 $2 (33... Qd8 {is the best defence,
but it also loses to} 34. Qa3+ Ke6 35. h4 h6 36. Qe3 $16) 34. Qd2+ Ke6 35. Ng5+
Kf5 36. g4+ Kf6 37. Nxe4+ Qxe4 38. Qxd7 {White is now an exchange up. Baadur
converts this with ease.} Ne6 39. Bg2 Qd4 40. Qxh7 Nf4 41. Qh8+ Ke6 42. Re1+ {
A brilliant attack, especially the move 33.Rc1!} 1-0